Television broadcast's digitalTV

Bibliographic Details
New Title:Videography's digitalTV
Previous Title:Television broadcast
Format: Electronic Journal
Language:English
Published: New York, N.Y. : United Entertainment Media, 2001-
Subjects:
Online Access:Full text available from Research Library: 02/01/2001 to 02/28/2002

MARC

LEADER 00000nas a2200000 a 4500
001 ssj0015810
003 WaSeSS
005 20200512172242.0
006 m d
007 cr n
008 010313d20012002nyumr p s 0 a0eng c
010 |a  2001248107 
022 |l 1534-6064  |y 1534-6064 
032 |a 536830  |b USPS 
035 |a (WaSeSS)ssj0015810 
040 |a NN  |b eng  |c NN  |d NSDP  |d CaQMU  |d NSDP  |d DLC  |d MBU  |d OCoLC  |d WaSeSS 
042 |a nsdp  |a pcc 
050 0 0 |a TK6540  |b .B8432 
050 1 4 |a HE8689  |b .B76M 
082 1 0 |a 621  |2 13 
210 0 |a Telev. broadcast's digit. TV 
222 0 |a Television broadcast's digitalTV 
245 0 0 |a Television broadcast's digitalTV  |h [electronic resource]. 
246 3 |a Television broadcast's digital TV 
246 3 |a Television broadcast's digital television 
246 3 0 |a DigitalTV 
246 3 |a Digital TV 
246 3 |a Digital television 
260 |a New York, N.Y. :  |b United Entertainment Media,  |c 2001- 
310 |a Monthly 
362 1 |a Ceased with v. 25, issue 2 (Feb. 2002)? 
362 0 |a Vol. 24, issue 2 (Feb. 2001)- 
500 |a Title from cover. 
506 |a License restrictions may limit access. 
588 |a Latest issue consulted: Vol. 24, issue 3 (Mar. 2001). 
650 0 |a Television broadcasting  |v Periodicals. 
650 0 |a Digital television  |v Periodicals. 
650 6 |a Télévision  |v Périodiques. 
650 6 |a Télévision numérique  |v Périodiques. 
655 0 |a Electronic journals. 
780 0 0 |t Television broadcast  |x 0898-767X  |w (DLC) 86647978  |w (OCoLC)13141802 
785 0 0 |t Videography's digitalTV  |x 1543-1266  |w (DLC) 2002212438  |w (OCoLC)50759213 
850 |a DLC 
856 4 0 |z Full text available from Research Library: 02/01/2001 to 02/28/2002  |u https://search.proquest.com/publication/27955